Sports Quiz

Random Sports or Football Quiz

NFL Top 10 Prolific but Unsuccessful Quarterbacks Quiz Stats

Quiz Updated Feb 5, 2018

Challenge
Share
Tweet
Embed
Score 0/50 Timer 10:00
27 Plays Today
Hint Qb % Correct
Without Winning Super BowlDan Marino
89.3%
Without Winning Super BowlPhilip Rivers
68.1%
Without Appearing in Super BowlPhilip Rivers
66.9%
Without Winning Super BowlWarren Moon
63.6%
Without Appearing in Super BowlWarren Moon
63.5%
Without Appearing in Conference ChampionshipWarren Moon
63.5%
Without Appearing in Conference ChampionshipTony Romo
60.9%
Without Winning Super BowlVinny Testaverde
53.2%
Without Appearing in Super BowlVinny Testaverde
53.1%
Without Appearing in Super BowlDan Fouts
52.9%
Without Winning Super BowlDan Fouts
52.9%
Without Winning Super BowlDrew Bledsoe
50.5%
Without Winning Super BowlCarson Palmer
50.1%
Without Appearing in Conference ChampionshipMatthew Stafford
49.9%
Without Winning Playoff GameMatthew Stafford
49.8%
Without Appearing in Super BowlCarson Palmer
49.8%
Without Winning Super BowlFran Tarkenton
49.3%
Without Winning Playoff GameAndy Dalton
47.7%
Without Making PlayoffsArchie Manning
47.7%
Without Appearing in Super BowlTony Romo
44.9%
Without Winning Super BowlKerry Collins
33.8%
Without Appearing in Conference ChampionshipTrent Green
30.7%
Without Winning Playoff GameTrent Green
30.7%
Without Winning Super BowlMatt Ryan
27.8%
Without Appearing in Super BowlDave Krieg
27.2%
Hint Qb % Correct
Without Winning Playoff GameRyan Fitzpatrick
22.6%
Without Making PlayoffsRyan Fitzpatrick
21.5%
Without Appearing in Super BowlJim Everett
20.3%
Without Appearing in Conference ChampionshipJon Kitna
20.2%
Without Winning Playoff GameJon Kitna
20.2%
Without Winning Playoff GameKen O'Brien
19.1%
Without Making PlayoffsSam Bradford
17.6%
Without Making PlayoffsJim Zorn
16.9%
Without Making PlayoffsBrian Griese
16.8%
Without Appearing in Super BowlSteve DeBerg
16%
Without Appearing in Conference ChampionshipSteve DeBerg
16%
Without Appearing in Super BowlJim Hart
16%
Without Appearing in Conference ChampionshipJim Hart
16%
Without Winning Playoff GameJim Hart
16%
Without Making PlayoffsKyle Orton
15.9%
Without Winning Playoff GameSteve Grogan
15.7%
Without Making PlayoffsRyan Tannehill
15.2%
Without Appearing in Conference ChampionshipJohn Hadl
12.7%
Without Winning Playoff GameJohn Hadl
12.5%
Without Appearing in Conference ChampionshipRoman Gabriel
10.8%
Without Winning Playoff GameRoman Gabriel
10.8%
Without Making PlayoffsJosh MCCown
9.9%
Without Appearing in Conference ChampionshipJoe Ferguson
9.7%
Without Making PlayoffsJeff Blake
8.8%
Without Making PlayoffsBill Kenney
3.6%

You're not logged in!

Compare scores with friends on all Sporcle quizzes.
Sign Up with Email
OR
Log In

You Might Also Like...

Show Comments

Extras

Top Quizzes Today


Score Distribution

Your Account Isn't Verified!

In order to create a playlist on Sporcle, you need to verify the email address you used during registration. Go to your Sporcle Settings to finish the process.